The Story / (Record no. 2436)

MARC details
000 -LEADER
fixed length control field 00679nam a2200229 a 4500
001 - CONTROL NUMBER
control field 1463254
003 - CONTROL NUMBER IDENTIFIER
control field GBCCL
005 - DATE AND TIME OF LATEST TRANSACTION
control field 20241126110429.0
008 - FIXED-LENGTH DATA ELEMENTS--GENERAL INFORMATION
fixed length control field 860619s1986 ilua 000 0 eng
010 ## -
-- 86050774
020 ## - INTERNATIONAL STANDARD BOOK NUMBER
International Standard Book Number 0842366776 (pbk.)
040 ## - CATALOGING SOURCE
Original cataloging agency DLC
Transcribing agency DLC
Modifying agency DLC
050 00 -
-- BS550.2
-- .S76 1986
082 00 - DEWEY DECIMAL CLASSIFICATION NUMBER
Classification number 220.5207
Edition information 19
Item number STO
245 04 - TITLE STATEMENT
Title The Story /
Statement of responsibility, etc. adapted by Ted Miller from the Book.
260 ## - PUBLICATION, DISTRIBUTION, ETC.
Place of publication, distribution, etc. Wheaton, Ill. :
Name of publisher, distributor, etc. Tyndale House Publishers,
Date of publication, distribution, etc. c1986.
300 ## - PHYSICAL DESCRIPTION
Extent x, 524 p. :
Other physical details ill. ;
Dimensions 18 cm.
630 00 - SUBJECT ADDED ENTRY--UNIFORM TITLE
Uniform title Bible
General subdivision Paraphrases, English.
9 (RLIN) 2457
700 1# - ADDED ENTRY--PERSONAL NAME
Personal name Miller, Ted.
9 (RLIN) 5038
906 ## - LOCAL DATA ELEMENT F, LDF (RLIN)
a 7
b cbc
c orignew
d 2
e ocip
f 19
g y-gencatlg
942 ## - ADDED ENTRY ELEMENTS (KOHA)
Source of classification or shelving scheme Dewey Decimal Classification
Koha item type Books
Holdings
Withdrawn status Lost status Source of classification or shelving scheme Damaged status Not for loan Home library Current Library Shelving location Date acquired Total checkouts Full call number Barcode Date last seen Copy number Price effective from Koha item type
    Dewey Decimal Classification     GRACE BIBLE COLLEGE GRACE BIBLE COLLEGE Biblical Studies 2017-08-14   220.5207 STO 009088 2025-05-01 c.1 2017-08-14 Books
© Grace Bible College Library 2025